000 00713nam a2200265Ia 4500
003 OSt
005 20220918174259.0
006 a|||||r|||| 00| 0
007 ta
008 220917b |||||||| |||| 00| 0 eng d
024 _a11,393
037 _cTextual
040 _aARTS
_cARTS
_beng
041 _2eng
_aeng
082 _a/\:87, L9
100 _aLloyd G E R
_924044
245 0 _aMagic reason and experience
260 _aCambridge
_bCUP
_c1979
300 _axii,335p
_ccm.
490 _aStudies in the origion and development of Greek science
500 _aBibliography 268-306p
650 _aSPIRITUALISM
942 _h/\:87, L9
_cTEXL
_2CC
999 _c152504
_d152504